000 00233nam a22000857a 4500
008 160705b xxu||||| |||| 00| 0 eng d
100 _92079
_a Sharma, Y.K
245 _aPopulation Education
260 _aNew Delhi
_bKanishka Publication
_c2005
999 _c1775
_d1775